Every Champion in Marvel Contest of Champions (by Release Date) - Statistics

General Stats
  • This quiz has been taken 8 times
    2 since last reset
  • The average score is 249 of 340
Answer Stats
Date Answer % Correct
Dec. 2014 Abomination
100%
Nov. 2020 Abomination (Immortal)
100%
Nov. 2018 Ægon
100%
Apr. 2019 Annihilus
100%
Jul. 2015 Ant-Man
100%
Feb. 2023 Ant-Man (Future)
100%
Jun. 2024 Arcade
100%
Feb. 2025 Arnim Zola
100%
Nov. 2022 Attuma
100%
Jan. 2023 Baron Zemo
100%
Mar. 2025 Bastion
100%
Jul. 2016 Beast
100%
Dec. 2014 Black Bolt
100%
Apr. 2022 Black Cat
100%
Dec. 2014 Black Panther
100%
May 2016 Black Panther (Civil War)
100%
May 2015 Black Widow
100%
Sep. 2019 Black Widow (Claire Voyant)
100%
May 2020 Black Widow (Deadly Origin)
100%
Jan. 2024 Bullseye
100%
Dec. 2014 Captain America
100%
May 2018 Captain America (Infinity War)
100%
Feb. 2022 Captain America (Sam Wilson)
100%
Jul. 2015 Captain America (WWII)
100%
Mar. 2022 Captain Britain
100%
Mar. 2019 Captain Marvel
100%
Jan. 2015 Captain Marvel (Classic)
100%
Jun. 2017 Carnage
100%
Aug. 2025 Cassandra Nova
100%
Feb. 2023 Cassie Lang
100%
Nov. 2023 Chee'ilth
100%
Jun. 2016 Civil Warrior
100%
Dec. 2014 Colossus
100%
Apr. 2018 Corvus Glaive
100%
Sep. 2024 Count Nefaria
100%
May 2016 Crossbones
100%
May 2019 Cull Obsidian
100%
Jan. 2016 Cyclops (Blue Team)
100%
Dec. 2014 Cyclops (New Xavier School)
100%
Jun. 2023 Dani Moonstar
100%
May 2025 Dark Phoenix
100%
Jan. 2019 Diablo
100%
Nov. 2019 Doctor Doom
100%
Mar. 2015 Doctor Strange
100%
May 2019 Ebony Maw
100%
Aug. 2024 Enchantress
100%
Jun. 2016 Falcon
100%
Feb. 2025 Falcon (Joaquín Torres)
100%
Oct. 2025 Franken-Castle
100%
Aug. 2022 Galan
100%
Jul. 2018 Ghost
100%
Oct. 2016 Ghost Rider
100%
Sep. 2023 Gladiator
100%
Jul. 2022 Gorr
100%
Dec. 2015 Groot
100%
Oct. 2015 Guillotine
100%
Oct. 2019 Guillotine 2099
100%
Dec. 2023 Guillotine (Deathless)
100%
Feb. 2019 Havok
100%
Jul. 2021 Hercules
100%
Dec. 2014 Hulk
100%
Nov. 2020 Hulk (Immortal)
100%
Jun. 2022 Hulkling
100%
Feb. 2018 Hulk (Ragnarok)
100%
Apr. 2019 Human Torch
100%
Nov. 2021 Ikaris
100%
Jun. 2019 Invisible Woman
100%
Dec. 2014 Iron Man
100%
Sep. 2022 Iron Man (Infamous)
100%
May 2018 Iron Man (Infinity War)
100%
Mar. 2025 Jean Grey
100%
Dec. 2014 Juggernaut
100%
Jun. 2025 Karolina Dean
100%
Mar. 2023 Kate Bishop
100%
Jul. 2023 Kindred
100%
Apr. 2017 King Groot
100%
Mar. 2024 King Groot (Deathless)
100%
Dec. 2021 Kraven
100%
Nov. 2023 Kushala
100%
Jun. 2023 Lady Deathstrike
100%
Feb. 2020 Longshot
100%
Nov. 2023 Maestro
100%
Jun. 2015 Magneto
100%
Aug. 2015 Magneto (House of X)
100%
Sep. 2017 Medusa
100%
Nov. 2019 Mister Fantastic
100%
Feb. 2019 Mister Sinister
100%
Feb. 2022 Misty Knight
100%
Feb. 2020 Mojo
100%
Sep. 2015 Moon Knight
100%
Jul. 2019 Mysterio
100%
Jun. 2019 Namor
100%
Jun. 2025 Nico Minoru
100%
Sep. 2021 Nimrod
100%
Jun. 2024 Northstar
100%
Mar. 2021 Odin
100%
Jan. 2025 Okoye
100%
Mar. 2022 Omega Sentinel
100%
Dec. 2023 Onslaught
100%
Aug. 2021 Peni Parker
100%
Oct. 2016 Phoenix
100%
Aug. 2023 Photon
100%
Apr. 2024 Prowler
100%
Apr. 2018 Proxima Midnight
100%
Dec. 2014 Punisher
100%
Jun. 2017 Punisher 2099
100%
Jun. 2021 Purgatory
100%
Aug. 2022 Quicksilver
100%
Apr. 2016 Red Hulk
100%
Mar. 2018 Sabretooth
100%
Jul. 2020 Sasquatch
100%
Jun. 2021 Scarlet Witch
100%
Dec. 2014 Scarlet Witch (Classic)
100%
Oct. 2024 Scream
100%
Mar. 2018 Sentinel
100%
Jan. 2018 Sentry
100%
Nov. 2021 Sersi
100%
Mar. 2016 She-Hulk
100%
Dec. 2024 She-Hulk (Deathless)
100%
Nov. 2022 Shuri
100%
Jul. 2023 Silk
100%
May 2024 Silver Sable
100%
Sep. 2025 Silver Samurai
100%
Dec. 2019 Silver Surfer
100%
Apr. 2020 Sorcerer Supreme
100%
Dec. 2020 Spider-Ham
100%
Aug. 2021 Spider-Man 2099
100%
Dec. 2014 Spider-Man (Classic)
100%
Jan. 2016 Spider-Man (Miles Morales)
100%
Jul. 2017 Spider-Man (Stark Enhanced)
100%
Jul. 2019 Spider-Man (Stealth Suit)
100%
Oct. 2022 Spider-Man (Supreme)
100%
Sep. 2015 Spider-Man (Symbiote)
100%
Apr. 2025 Spider-Woman
100%
Nov. 2024 Spiral
100%
Dec. 2014 Storm
100%
Apr. 2020 Storm (Pyramid X)
100%
Feb. 2021 Super-Skrull
100%
Oct. 2018 Symbiote Supreme
100%
Mar. 2020 Terrax
100%
Aug. 2016 Thanos
100%
Jan. 2025 Thanos (Deathless)
100%
Mar. 2024 The Destroyer
100%
Jul. 2024 The Leader
100%
Jul. 2025 The Maker
100%
Mar. 2024 The Serpent
100%
Jan. 2019 Thing
100%
Jun. 2020 Tigra
100%
Jan. 2022 Toad
100%
Jul. 2022 Valkyrie
100%
Oct. 2015 Venom
100%
Dec. 2014 Vision
100%
Sep. 2019 Vision (Aarkus)
100%
May 2015 Vision (Age of Ultron)
100%
Aug. 2024 Vision (Deathless)
100%
Aug. 2023 Vox
100%
Jul. 2017 Vulture
100%
Jun. 2022 Wiccan
100%
Dec. 2014 Winter Soldier
100%
Dec. 2014 Wolverine
100%
Mar. 2020 Wolverine (Weapon X)
100%
Mar. 2016 Wolverine (X-23)
100%
May 2025 Yelena Belova
100%
Jan. 2023 Absorbing Man
50%
May 2023 Adam Warlock
50%
Apr. 2016 Agent Venom
50%
Jul. 2021 America Chavez
50%
Apr. 2017 Angela
50%
Oct. 2021 Anti-Venom
50%
Oct. 2025 Anti-Venomoid (Cosmic)
50%
Oct. 2025 Anti-Venomoid (Mutant)
50%
Oct. 2025 Anti-Venomoid (Mystic)
50%
Oct. 2025 Anti-Venomoid (Science)
50%
Oct. 2025 Anti-Venomoid (Skill)
50%
Oct. 2025 Anti-Venomoid (Tech)
50%
Sep. 2020 Apocalypse
50%
Mar. 2017 Archangel
50%
Aug. 2024 Beta Ray Bill
50%
Mar. 2018 Bishop
50%
Oct. 2017 Blade
50%
Jan. 2017 Cable
50%
Oct. 2020 Cosmic Ghost Rider
50%
Apr. 2015 Daredevil (Classic)
50%
Nov. 2015 Daredevil (Hell's Kitchen)
50%
Dec. 2018 Darkhawk
50%
Nov. 2024 Dazzler
50%
Dec. 2014 Deadpool
50%
Sep. 2015 Deadpool (X-Force)
50%
Aug. 2017 Doctor Octopus
50%
Nov. 2016 Doctor Voodoo
50%
Jun. 2018 Domino
50%
Jul. 2025 Doombot (Cosmic)
50%
Jul. 2025 Doombot (Mutant)
50%
Jul. 2025 Doombot (Mystic)
50%
Jul. 2025 Doombot (Science)
50%
Jul. 2025 Doombot (Skill)
50%
Jul. 2025 Doombot (Tech)
50%
Feb. 2017 Dormammu
50%
Oct. 2025 Dracula
50%
Dec. 2014 Drax
50%
Feb. 2024 Dust
50%
Feb. 2015 Electro
50%
Oct. 2015 Elektra
50%
Oct. 2019 Elsa Bloodstone
50%
Sep. 2018 Emma Frost
50%
Aug. 2016 Gambit
50%
Dec. 2014 Gamora
50%
Jan. 2025 Gentle
50%
Jun. 2018 Goldpool
50%
Aug. 2017 Green Goblin
50%
Jul. 2020 Guardian
50%
Jan. 2017 Gwenpool
50%
Dec. 2014 Hawkeye
50%
Aug. 2018 Heimdall
50%
Nov. 2017 Hela
50%
Nov. 2024 Henchpool (Cosmic)
50%
Nov. 2024 Henchpool (Mutant)
50%
Nov. 2024 Henchpool (Mystic)
50%
Nov. 2024 Henchpool (Science)
50%
Nov. 2024 Henchpool (Skill)
50%
Nov. 2024 Henchpool (Tech)
50%
Jul. 2025 High Evolutionary
50%
Jun. 2020 Hit-Monkey
50%
Dec. 2016 Howard the Duck
50%
May 2015 Hulkbuster
50%
Dec. 2016 Hyperion
50%
Mar. 2017 Iceman
50%
Dec. 2014 Iron Fist
50%
Aug. 2015 Iron Fist (Immortal)
50%
Feb. 2024 Ironheart
50%
Jul. 2015 Iron Patriot
50%
Dec. 2024 Isophyne
50%
Apr. 2021 Jabari Panther
50%
Oct. 2024 Jack O'Lantern
50%
Dec. 2022 Jessica Jones
50%
Oct. 2015 Joe Fixit
50%
Jan. 2021 Jubilee
50%
May 2015 Kang
50%
Sep. 2016 Karnak
50%
Feb. 2018 Killmonger
50%
Aug. 2017 Kingpin
50%
Sep. 2021 Kitty Pryde
50%
Oct. 2021 Knull
50%
Aug. 2018 Korg
50%
Aug. 2016 Loki
50%
Nov. 2015 Luke Cage
50%
Apr. 2025 Lumatrix
50%
Jan. 2015 Magik
50%
Mar. 2021 Mangog
50%
Oct. 2019 Man-Thing
50%
Dec. 2022 Mantis
50%
Jun. 2018 Masacre
50%
Sep. 2017 Mephisto
50%
May 2021 Mister Negative
50%
Dec. 2017 M.O.D.O.K.
50%
Mar. 2020 Mole Man
50%
May 2023 Moondragon
50%
Oct. 2023 Morbius
50%
Nov. 2016 Mordo
50%
Oct. 2017 Morningstar
50%
Sep. 2025 Mr. Knight
50%
Apr. 2015 Ms. Marvel
50%
Mar. 2016 Ms. Marvel (Kamala Khan)
50%
May 2017 Nebula
50%
May 2024 Negasonic Teenage Warhead
50%
Mar. 2019 Nick Fury
50%
Jul. 2016 Nightcrawler
50%
Dec. 2018 Night Thrasher
50%
Jan. 2020 Nova
50%
Feb. 2016 Old Man Logan
50%
Sep. 2018 Omega Red
50%
Jul. 2024 Patriot
50%
Sep. 2020 Professor X
50%
Feb. 2021 Psycho-Man
50%
Mar. 2017 Psylocke
50%
Sep. 2016 Quake
50%
Oct. 2020 Red Goblin
50%
May 2020 Red Guardian
50%
Aug. 2018 Red Skull
50%
Dec. 2014 Rhino
50%
May 2022 Rintrah
50%
Mar. 2015 Rocket Raccoon
50%
Sep. 2016 Rogue
50%
Dec. 2014 Ronan
50%
May 2019 Ronin
50%
Apr. 2023 Sandman
50%
Jan. 2022 Sauron
50%
Apr. 2022 Scorpion
50%
Oct. 2025 Sentinelbot (Cosmic)
50%
Oct. 2025 Sentinelbot (Mutant)
50%
Oct. 2025 Sentinelbot (Mystic)
50%
Oct. 2025 Sentinelbot (Science)
50%
Oct. 2025 Sentinelbot (Skill)
50%
Oct. 2025 Sentinelbot (Tech)
50%
May 2021 Shang-Chi
50%
Sep. 2024 Shathra
50%
Apr. 2023 Shocker
50%
Apr. 2021 Silver Centurion
50%
Aug. 2025 Solvarch
50%
Nov. 2015 Spider-Gwen
50%
Apr. 2024 Spider-Punk
50%
Oct. 2022 Spot
50%
Dec. 2014 Star-Lord
50%
Jan. 2021 Stryfe
50%
Aug. 2019 Sunspot
50%
Feb. 2015 Superior Iron Man
50%
Oct. 2025 Symbioid (Cosmic)
50%
Oct. 2025 Symbioid (Mutant)
50%
Oct. 2025 Symbioid (Mystic)
50%
Oct. 2025 Symbioid (Science)
50%
Oct. 2025 Symbioid (Skill)
50%
Oct. 2025 Symbioid (Tech)
50%
Dec. 2017 Taskmaster
50%
Nov. 2018 The Champion
50%
Feb. 2017 The Hood
50%
Jun. 2021 The Overseer
50%
Dec. 2014 Thor
50%
Dec. 2015 Thor (Jane Foster)
50%
Nov. 2017 Thor (Ragnarok)
50%
Sep. 2022 Titania
50%
Jun. 2015 Ultron
50%
Aug. 2016 Ultron (Classic)
50%
Feb. 2015 Unstoppable Colossus
50%
Feb. 2016 Venompool
50%
Oct. 2018 Venom the Duck
50%
Mar. 2023 Viv Vision
50%
Jan. 2018 Void
50%
Aug. 2019 Warlock
50%
Aug. 2015 War Machine
50%
Jul. 2018 Wasp
50%
Oct. 2023 Werewolf By Night
50%
Jan. 2024 White Tiger
50%
May 2022 Wong
50%
Jul. 2015 Yellowjacket
50%
May 2017 Yondu
50%
Aug. 2020 Air-Walker
0%
Aug. 2020 Dragon Man
0%
Sep. 2020 Platinumpool
0%
Jan. 2020 Squirrel Girl
0%
Oct. 2021 Summoned Symbiote
0%
No matching quizzes found
Score Distribution
Percent of People with Each Score
Percentile by Number Answered
Your Score History
You have not taken this quiz since the last reset